[Event "VI Obert Internacional Ciutat de Sabadel"]
[Site "Sabadell"]
[Date "2013.09.05"]
[Round "4"]
[White "Sayrol Clols, Josep Maria"]
[Black "Castells Briones, Miquel"]
[Result "1-0"]
[WhiteElo "2111"]
[BlackElo "1988"]
[PlyCount "107"]
[EventDate "2013.09.02"]
[EventRounds "9"]
[EventCountry "ESP"]

1. e4 c5 2. d4 cxd4 3. c3 Nf6 4. e5 Nd5 5. Bc4 Qc7 6. Qe2 Nb6 7. Bb3 d3 8. Qxd3
Qxe5+ 9. Be3 e6 10. Nf3 Qc7 11. O-O Nc6 12. Nbd2 d5 13. Rfe1 Be7 14. Bc2 h6 15.
Bd4 Nxd4 16. cxd4 Nd7 17. Rac1 Qd6 18. a3 a6 19. h3 Nf6 20. Ne5 Bd7 21. a4 Rc8
22. Ndf3 O-O 23. Nxd7 Qxd7 24. Ne5 Qd6 25. Ng4 Rfd8 26. Re2 Qf4 27. Rd1 Kf8 28.
g3 Qd6 29. Ne5 Rc7 30. Rde1 Ne4 31. Qf3 Ng5 32. Qh5 Bf6 33. h4 Bxe5 34. dxe5
Qb4 35. hxg5 Rxc2 36. gxh6 gxh6 37. Qxh6+ Ke8 38. Qh8+ Ke7 39. Qf6+ Ke8 40.
Rxc2 Qxe1+ 41. Kh2 Qa5 42. b4 Qxb4 43. Rc7 Qf8 44. Rxb7 Rc8 45. a5 d4 46. Qf4
Qg8 47. Qxd4 Qh7+ 48. Kg2 Kf8 49. Qd6+ Kg7 50. Rb4 Qf5 51. Rf4 Qc2 52. Rg4+ Kh6
53. Qe7 Qc6+ 54. Kh2 1-0

[Event "VI Obert Internacional Ciutat de Sabadel"]
[Site "Sabadell"]
[Date "2013.09.05"]
[Round "4"]
[White "Tardio Fran, Emilio"]
[Black "Cardenas, Fernando Adrian"]
[Result "0-1"]
[WhiteElo "1853"]
[BlackElo "1963"]
[PlyCount "62"]
[EventDate "2013.09.02"]
[EventRounds "9"]
[EventCountry "ESP"]

1. e4 c5 2. Nf3 Nc6 3. d4 cxd4 4. Nxd4 Nf6 5. Nc3 e5 6. Ndb5 d6 7. Nd5 Nxd5 8.
exd5 Ne7 9. c4 Nf5 10. Bd3 a6 11. Nc3 Be7 12. O-O O-O 13. f4 exf4 14. Bxf4 Qb6+
15. Rf2 Bf6 16. Na4 Qa7 17. Kf1 Ne3+ 18. Bxe3 Qxe3 19. Rf3 Qd4 20. Qc2 Qh4 21.
h3 Bd4 22. Re1 f5 23. Bxf5 Bxf5 24. Qd2 Bxh3 25. Ke2 Bxg2 26. Rxf8+ Rxf8 27.
Kd1 Rf2 28. Qd3 Qf4 29. Re8+ Kf7 30. Re6 Bf3+ 31. Ke1 Qc1+ 0-1

[Event "VI Obert Internacional Ciutat de Sabadel"]
[Site "Sabadell"]
[Date "2013.09.06"]
[Round "5"]
[White "Gonzalez Perez, Arian"]
[Black "Movsziszian, Karen"]
[Result "1/2-1/2"]
[WhiteElo "2466"]
[BlackElo "2503"]
[PlyCount "140"]
[EventDate "2013.09.02"]
[EventRounds "9"]
[EventCountry "ESP"]

1. e4 g6 2. d4 Bg7 3. Nf3 d6 4. Bc4 Nf6 5. Qe2 Bg4 6. O-O Nc6 7. Rd1 e5 8. c3
O-O 9. h3 Bxf3 10. Qxf3 exd4 11. cxd4 Nd7 12. Be3 Nb6 13. Bb3 Na5 14. Bc2 Nac4
15. Bc1 d5 16. Nc3 c6 17. exd5 Nxd5 18. Nxd5 cxd5 19. b3 Na5 20. Be3 Nc6 21.
Rac1 Qd6 22. Bb1 Rad8 23. h4 Rd7 24. h5 Re8 25. g3 a6 26. Kg2 Re6 27. Rd2 Re8
28. Rh1 Rde7 29. Rdd1 Rd7 30. Rh4 Qf6 31. Qg4 Qe6 32. Qf3 Qf6 33. Rf4 Qe6 34.
Rh1 Ne7 35. hxg6 hxg6 36. g4 f6 37. Qg3 Rdd8 38. Rf3 Kf7 39. Bg5 Rh8 40. Rxh8
Rxh8 41. Re3 Qd7 42. Bf4 Nc6 43. Bd6 Bh6 44. Re1 Bg5 45. Bc5 Rh4 46. f3 Rh8 47.
Qd6 Qxd6 48. Bxd6 Rd8 49. Bc5 Bd2 50. Rd1 Bf4 51. Rh1 Kg7 52. Bd3 Re8 53. b4 b6
54. Bxb6 Nxb4 55. Bf1 Nxa2 56. Bxa6 Re6 57. Rb1 Nc3 58. Rb4 Re1 59. Bd8 Ra1 60.
Bd3 Ra2+ 61. Kf1 Nd1 62. Rb7+ Kh6 63. Bxf6 Ne3+ 64. Kg1 Rd2 65. Ba6 g5 66. Rb6
Kh7 67. Be5 Rg2+ 68. Kh1 Rh2+ 69. Kg1 Rd2 70. Bf6 Kh6 1/2-1/2

[Event "VI Obert Internacional Ciutat de Sabadel"]
[Site "Sabadell"]
[Date "2013.09.06"]
[Round "5"]
[White "Valdes Romero, Leonardo"]
[Black "Lorenzo De La Riva, Lazaro"]
[Result "1/2-1/2"]
[WhiteElo "2427"]
[BlackElo "2427"]
[PlyCount "56"]
[EventDate "2013.09.02"]
[EventRounds "9"]
[EventCountry "ESP"]

1. Nf3 Nf6 2. g3 b6 3. Bg2 Bb7 4. O-O e6 5. c4 Be7 6. b3 O-O 7. Bb2 d5 8. e3
Nbd7 9. Nc3 Re8 10. Rc1 a6 11. d4 Bd6 12. Ne1 Qe7 13. Nd3 Rab8 14. cxd5 exd5
15. Nf4 c6 16. Re1 Ne4 17. Nd3 Nxc3 18. Bxc3 Nf6 19. Re2 h5 20. Qe1 h4 21. Bb4
hxg3 22. hxg3 a5 23. Bxd6 Qxd6 24. Ne5 c5 25. Nf3 a4 26. Qd1 axb3 27. axb3 c4
28. Ne5 b5 1/2-1/2

[Event "VI Obert Internacional Ciutat de Sabadel"]
[Site "Sabadell"]
[Date "2013.09.06"]
[Round "5"]
[White "Aryan, Chopra"]
[Black "Moreno Ruiz, Javier"]
[Result "1/2-1/2"]
[WhiteElo "2189"]
[BlackElo "2469"]
[PlyCount "115"]
[EventDate "2013.09.02"]
[EventRounds "9"]
[EventCountry "ESP"]

1. e4 c5 2. Nf3 Nc6 3. d4 cxd4 4. Nxd4 Nxd4 5. Qxd4 d6 6. Be3 Nf6 7. c4 a5 8.
Nc3 g6 9. Be2 Bg7 10. O-O O-O 11. Rac1 a4 12. f3 Qa5 13. Qd2 Be6 14. Nd5 Qxd2
15. Nxe7+ Kh8 16. Bxd2 Rfe8 17. Nd5 Nxd5 18. cxd5 Bxd5 19. Bb5 Re5 20. Bc3 Bxa2
21. Bxe5 Bxe5 22. Rc2 Bb3 23. Rd2 Bf4 24. Rd3 Ra5 25. Rxb3 axb3 26. Bc4 Be3+
27. Kh1 Kg7 28. Rb1 Bd4 29. g3 Ra4 30. Bxb3 Rb4 31. Bd5 Bxb2 32. Kg2 f5 33. Kf1
fxe4 34. fxe4 Kf6 35. Ke2 Ke5 36. Kd3 b5 37. Rf1 Ra4 38. Rb1 Rb4 39. Rf1 Rd4+
40. Kc2 Ba3 41. Rf7 Bb4 42. Rxh7 Rd2+ 43. Kb3 Bc5 44. Rg7 Rxh2 45. Rxg6 Kd4 46.
Rf6 Ke3 47. g4 Rh3 48. Kc2 Rg3 49. Rf5 Kd4 50. g5 Ba3 51. Bf7 b4 52. Rb5 Kxe4
53. g6 Ke3 54. Kb3 Kd2+ 55. Ka4 Kc3 56. Rb6 Kd4 57. Rxd6+ Kc5 58. Rd5+ 1/2-1/2

[Event "VI Obert Internacional Ciutat de Sabadel"]
[Site "Sabadell"]
[Date "2013.09.06"]
[Round "5"]
[White "Kjartansson, Gudmundur"]
[Black "Jerez Perez, Alfonso"]
[Result "1-0"]
[WhiteElo "2434"]
[BlackElo "2376"]
[PlyCount "113"]
[EventDate "2013.09.02"]
[EventRounds "9"]
[EventCountry "ESP"]

1. c4 Nf6 2. g3 g6 3. Bg2 d5 4. cxd5 Nxd5 5. Nc3 Nb6 6. d3 Bg7 7. Be3 Nc6 8.
Qd2 Nd4 9. Rc1 Nf5 10. Bc5 O-O 11. e3 Nd7 12. Ba3 Ne5 13. Rd1 Rb8 14. b3 b5 15.
Ne4 b4 16. Bc1 Bb7 17. d4 Nd7 18. Qc2 Nd6 19. d5 Nxe4 20. Bxe4 Nf6 21. Bf3 Qc8
22. Bb2 Rd8 23. Qc4 Ba6 24. Qc1 e6 25. Qa1 Ne8 26. h4 exd5 27. h5 Qe6 28. hxg6
fxg6 29. Bxg7 Nxg7 30. Qd4 Nf5 31. Qxd5 Qxd5 32. Bxd5+ Kg7 33. Nf3 Ne7 34. Be4
Rxd1+ 35. Kxd1 h6 36. Kc2 Rd8 37. a3 bxa3 38. Ra1 Rd6 39. Rxa3 Nc8 40. Ra5 Rf6
41. Rc5 Rf7 42. Bd5 Re7 43. Nd4 Nb6 44. Bg2 Bc8 45. Nb5 Rf7 46. Rxc7 Rxc7+ 47.
Nxc7 g5 48. Kc3 h5 49. Kd4 h4 50. gxh4 gxh4 51. f4 h3 52. Bh1 Bg4 53. e4 a5 54.
f5 Bd1 55. Ne6+ Kf6 56. Nc5 a4 57. bxa4 1-0

[Event "VI Obert Internacional Ciutat de Sabadel"]
[Site "Sabadell"]
[Date "2013.09.06"]
[Round "5"]
[White "Valencia Jimenez, Jose"]
[Black "Espinoza Palomino, Willyam"]
[Result "0-1"]
[WhiteElo "2126"]
[BlackElo "2355"]
[PlyCount "122"]
[EventDate "2013.09.02"]
[EventRounds "9"]
[EventCountry "ESP"]

1. d4 Nf6 2. Nf3 e6 3. Bf4 c5 4. c3 Nc6 5. e3 Be7 6. Bd3 Nh5 7. Bg3 Nxg3 8.
hxg3 h6 9. Nbd2 cxd4 10. exd4 d5 11. Qe2 a6 12. Nf1 b5 13. a3 O-O 14. Ne5 Nxe5
15. dxe5 f5 16. g4 Bg5 17. Rd1 Qc7 18. Nd2 fxg4 19. O-O Bf4 20. Rfe1 Bd7 21.
Qxg4 Bxe5 22. Nf3 Bf6 23. Qg6 Qd6 24. Nd4 Bxd4 25. cxd4 Rf6 26. Qh7+ Kf7 27.
Re5 Qf8 28. Be2 Qh8 29. Bh5+ Ke7 30. Qc2 Rc8 31. Qd2 g6 32. Bf3 Kf7 33. Rc1
Rxc1+ 34. Qxc1 Kg7 35. Qc7 Qc8 36. Qxc8 Bxc8 37. Re3 Rf7 38. Rc3 Bb7 39. Kf1
Kf6 40. Rc5 Rd7 41. Ke2 e5 42. Ke3 h5 43. a4 bxa4 44. Bd1 Rd6 45. Bxa4 Rb6 46.
dxe5+ Kxe5 47. b3 Kd6 48. Rc1 Bc6 49. Bxc6 Rxc6 50. Ra1 Ke5 51. f4+ Kf5 52. Ra5
Rc3+ 53. Kf2 Ke4 54. Rxa6 Rc2+ 55. Kg3 d4 56. Re6+ Kd3 57. Kf3 Rc1 58. Kf2 Kd2
59. Rxg6 d3 60. Rh6 Rc4 61. Rd6 Rb4 {White forfeits on time} 0-1

[Event "VI Obert Internacional Ciutat de Sabadel"]
[Site "Sabadell"]
[Date "2013.09.06"]
[Round "5"]
[White "Saez Coma, Alejandro"]
[Black "Diaz Velandia, Jose Manuel"]
[Result "1-0"]
[WhiteElo "2017"]
[BlackElo "2317"]
[PlyCount "91"]
[EventDate "2013.09.02"]
[EventRounds "9"]
[EventCountry "ESP"]

1. d4 d5 2. Nf3 Nf6 3. Bf4 e6 4. e3 Bd6 5. Ne5 O-O 6. Nd2 c5 7. c3 Nc6 8. Bd3
Bxe5 9. dxe5 Nd7 10. Nf3 h6 11. O-O Qc7 12. e4 dxe4 13. Bxe4 f5 14. Bxc6 Qxc6
15. h4 Nb6 16. Qd6 Nd5 17. Qxc6 bxc6 18. Be3 Nxe3 19. fxe3 Ba6 20. Rfd1 Rfd8
21. Kf2 Rd5 22. b3 Rad8 23. Ke1 Bd3 24. c4 R5d7 25. Rd2 Be4 26. Rad1 Rxd2 27.
Rxd2 Rd3 28. Rxd3 Bxd3 29. Kf2 Kf7 30. h5 a5 31. Nd2 Bc2 32. Kg3 Bd1 33. Kh4
g5+ 34. hxg6+ Kxg6 35. Nb1 a4 36. bxa4 Bxa4 37. Nc3 Bc2 38. a4 Bd3 39. a5 Bxc4
40. Na4 f4 41. exf4 Kf5 42. g3 Ke4 43. Nxc5+ Kd5 44. a6 Bxa6 45. Nxa6 Kc4 46.
f5 1-0

[Event "VI Obert Internacional Ciutat de Sabadel"]
[Site "Sabadell"]
[Date "2013.09.06"]
[Round "5"]
[White "Gomez Jurado, Luis Alberto"]
[Black "Prats Rodriguez, Juan Bosco"]
[Result "1-0"]
[WhiteElo "2316"]
[BlackElo "2074"]
[PlyCount "83"]
[EventDate "2013.09.02"]
[EventRounds "9"]
[EventCountry "ESP"]

1. c4 e5 2. g3 Nc6 3. Nc3 g6 4. Bg2 Bg7 5. e4 d6 6. d3 Nge7 7. Nge2 O-O 8. O-O
Be6 9. Nd5 Qd7 10. Be3 f5 11. Qd2 Rf7 12. f3 Raf8 13. Rac1 Nd4 14. Nxd4 exd4
15. Bg5 Nc8 16. Nf4 fxe4 17. Nxe6 Qxe6 18. dxe4 c5 19. b3 Ne7 20. Rce1 Kh8 21.
f4 Bf6 22. h4 Bxg5 23. hxg5 Qd7 24. Kh2 Nc6 25. Bh3 Qe8 26. Bg4 Ne5 27. Be2 Nc6
28. a3 a5 29. Bd3 b6 30. Kg2 Ra7 31. Rh1 Kg7 32. Rh6 Rff7 33. Reh1 Kf8 34. e5
Rg7 35. exd6 Raf7 36. Re1 Qd7 37. Qe2 Na7 38. f5 gxf5 39. Re6 Rxg5 40. Re8+ Kg7
41. Qe5+ Kg6 42. Re6+ 1-0

[Event "VI Obert Internacional Ciutat de Sabadel"]
[Site "Sabadell"]
[Date "2013.09.06"]
[Round "5"]
[White "Salagran Ferragut, Guillem"]
[Black "Gascon, Jose Rafael"]
[Result "0-1"]
[WhiteElo "1995"]
[BlackElo "2268"]
[PlyCount "162"]
[EventDate "2013.09.02"]
[EventRounds "9"]
[EventCountry "ESP"]

1. e4 c5 2. Nf3 d6 3. c3 Nf6 4. Be2 Bd7 5. d3 e5 6. O-O Be7 7. Re1 O-O 8. Bf1
Nc6 9. h3 Re8 10. d4 Qc7 11. d5 Nd8 12. a4 Rf8 13. Bg5 h6 14. Bh4 Kh8 15. Na3
g5 16. Bg3 Ne8 17. Nc4 f6 18. Nh2 Ng7 19. h4 Nf7 20. hxg5 hxg5 21. Be2 Kh7 22.
Bg4 Be8 23. Qd3 Nh6 24. Bh3 Nh5 25. b4 Nf4 26. Bxf4 gxf4 27. Ng4 Rg8 28. Nxh6
Kxh6 29. Bf5 Rg5 30. b5 Bh5 31. Be6 Bf8 32. Qh3 Kg7 33. f3 Be7 34. Kf2 Rh8 35.
Rh1 Qd8 36. Qh2 Qe8 37. Qg1 Rg3 38. Rh3 Qg6 39. Qh2 Rxh3 40. gxh3 f5 41. Rg1
Bh4+ 42. Kf1 Bg3 43. Qe2 fxe4 44. Qxe4 Qxe4 45. fxe4 Rd8 46. Na5 b6 47. Nb7 Rf8
48. Nxd6 Rf6 49. Nf5+ Kf8 50. Bd7 Bf3 51. Nxg3 fxg3 52. Bc6 Bxe4+ 53. Ke2 g2
54. d6 Bxc6 55. bxc6 Rxd6 56. Rxg2 Rxc6 57. Rg5 Rh6 58. Rxe5 Rxh3 59. Kd2 Rh2+
60. Kd3 Ra2 61. Re4 Kf7 62. Rc4 Ke6 63. Re4+ Kd5 64. Rh4 Kc6 65. Rg4 Kb7 66.
Rh4 Ka6 67. Rh7 Rxa4 68. Kc2 Kb5 69. Kb3 a5 70. Rh1 Rg4 71. Rc1 a4+ 72. Ka3 Ka5
73. Rd1 b5 74. Rd5 Rc4 75. Kb2 a3+ 76. Kb3 Ra4 77. Rd1 a2 78. Ra1 c4+ 79. Kb2
b4 80. cxb4+ Kxb4 81. Kc2 c3 0-1

[Event "VI Obert Internacional Ciutat de Sabadel"]
[Site "Sabadell"]
[Date "2013.09.06"]
[Round "5"]
[White "Sayrol Clols, Josep Maria"]
[Black "Ortin Caballe, Juan Jose"]
[Result "0-1"]
[WhiteElo "2111"]
[BlackElo "1955"]
[PlyCount "44"]
[EventDate "2013.09.02"]
[EventRounds "9"]
[EventCountry "ESP"]

1. e4 c5 2. d4 cxd4 3. c3 Nf6 4. e5 Nd5 5. Bc4 e6 6. Nf3 Nc6 7. O-O d6 8. cxd4
Be7 9. Bxd5 exd5 10. Nc3 dxe5 11. dxe5 Be6 12. Nd4 Nxd4 13. Qxd4 O-O 14. Rd1
Qa5 15. Be3 Rfd8 16. a3 b6 17. b4 Qa6 18. Qd2 d4 19. Bxd4 Rd7 20. b5 Qa5 21.
Qb2 Rad8 22. Ne4 Qa4 0-1

[Event "VI Obert Internacional Ciutat de Sabadel"]
[Site "Sabadell"]
[Date "2013.09.06"]
[Round "5"]
[White "Flores De Paco, David"]
[Black "Uran Bermudez, Oliver Kevin"]
[Result "0-1"]
[WhiteElo "1998"]
[BlackElo "2092"]
[PlyCount "54"]
[EventDate "2013.09.02"]
[EventRounds "9"]
[EventCountry "ESP"]

1. b3 Nf6 2. Bb2 g6 3. Bxf6 exf6 4. c4 Bg7 5. Nc3 O-O 6. e3 f5 7. Rc1 d6 8. Nf3
Nd7 9. d4 Nf6 10. Be2 c6 11. O-O Ne4 12. Nb1 Qe7 13. Ne1 Bh6 14. Nd3 Bd7 15.
Bf3 Rae8 16. Nc3 g5 17. Bxe4 fxe4 18. Qh5 Bg7 19. Ne1 Bf5 20. h4 h6 21. hxg5
hxg5 22. f4 exf3 23. Rxf3 Bg6 24. Qh2 f5 25. Nc2 f4 26. e4 Qf7 27. Rcf1 Bxe4
0-1

[Event "VI Obert Internacional Ciutat de Sabadel"]
[Site "Sabadell"]
[Date "2013.09.06"]
[Round "5"]
[White "Castells Briones, Miquel"]
[Black "Pozanco Romasanta, Marc"]
[Result "0-1"]
[WhiteElo "1988"]
[BlackElo "2067"]
[PlyCount "106"]
[EventDate "2013.09.02"]
[EventRounds "9"]
[EventCountry "ESP"]

1. d4 d5 2. Nf3 Bf5 3. c4 e6 4. Nc3 c6 5. e3 Nf6 6. Be2 Bd6 7. c5 Bc7 8. Nh4
Bg6 9. Nxg6 hxg6 10. g3 b6 11. b4 a5 12. cxb6 Bxb6 13. b5 O-O 14. Ba3 Re8 15.
O-O e5 16. dxe5 Rxe5 17. bxc6 Nxc6 18. Bf3 Rc8 19. Qa4 Nb4 20. Ne2 Qe7 21. Rad1
Rf5 22. Bxb4 axb4 23. Nf4 g5 24. g4 gxf4 25. gxf5 fxe3 26. fxe3 Qxe3+ 27. Kg2
Ne4 28. Qb3 Qg5+ 29. Kh1 Ng3+ 30. hxg3 Qxg3 31. Bxd5 Qh4+ 32. Kg2 Qg4+ 33. Kh2
Rc3 34. Rf3 Bc7+ 35. Kh1 Qh4+ 36. Kg2 Qh2+ 37. Kf1 Rxb3 38. axb3 Bb6 39. Rdd3
Qh1+ 40. Ke2 Qg2+ 41. Kd1 Qg1+ 42. Ke2 Bd4 43. Bc4 Qg2+ 44. Kd1 Bc3 45. Rd8+
Kh7 46. Rf1 Qg4+ 47. Be2 Qe4 48. Bf3 Qxf5 49. Rh1+ Kg6 50. Rd6+ f6 51. Rg1+ Kf7
52. Bd5+ Ke7 53. Re6+ Kf8 0-1

[Event "VI Obert Internacional Ciutat de Sabadel"]
[Site "Sabadell"]
[Date "2013.09.06"]
[Round "5"]
[White "Ridameya Tatche, Jose Miguel"]
[Black "Tardio Fran, Emilio"]
[Result "0-1"]
[WhiteElo "2007"]
[BlackElo "1853"]
[PlyCount "78"]
[EventDate "2013.09.02"]
[EventRounds "9"]
[EventCountry "ESP"]

1. e4 c5 2. Nf3 d6 3. d4 cxd4 4. Nxd4 Nf6 5. f3 g6 6. c4 Nc6 7. Nxc6 bxc6 8.
Be3 Bg7 9. Qd2 O-O 10. Nc3 Re8 11. h4 h5 12. Be2 Kh7 13. g4 Be6 14. gxh5 Nxh5
15. Rg1 Qa5 16. Rc1 d5 17. cxd5 cxd5 18. Nb5 Qxd2+ 19. Bxd2 Bxb2 20. Rc2 Be5
21. f4 Nxf4 22. h5 Nxh5 23. Bxh5 gxh5 24. Rg5 f6 25. Rxh5+ Kg6 26. Rh6+ Kg7 27.
Be3 Rh8 28. Rg2+ Kf7 29. Rxh8 Rxh8 30. Nxa7 Rb8 31. Rc2 dxe4 32. Nc6 Bg3+ 33.
Kd2 Ra8 34. Nb4 f5 35. Rc1 Rd8+ 36. Ke2 Rh8 37. a4 Rh2+ 38. Kf1 f4 39. Bg1 Bh3#
0-1

[Event "VI Obert Internacional Ciutat de Sabadel"]
[Site "Sabadell"]
[Date "2013.09.07"]
[Round "6"]
[White "Movsziszian, Karen"]
[Black "Pulvett, Daniel"]
[Result "1-0"]
[WhiteElo "2503"]
[BlackElo "2441"]
[PlyCount "59"]
[EventDate "2013.09.02"]
[EventRounds "9"]
[EventCountry "ESP"]

1. g3 d5 2. Bg2 c6 3. d3 g6 4. Nf3 Bg7 5. O-O Nf6 6. c3 O-O 7. Qc2 Nbd7 8. e4
dxe4 9. dxe4 e5 10. Rd1 Qe7 11. Nbd2 b6 12. a4 Ba6 13. b4 Rfd8 14. Ba3 c5 15.
b5 Bb7 16. Re1 Ne8 17. Nc4 Qe6 18. Ng5 Qe7 19. Bc1 Ndf6 20. Nf3 Nd6 21. Nfxe5
Nxc4 22. Nxc4 Qe6 23. Nd2 Ng4 24. Nf3 Qc4 25. Bb2 Bd4 26. Bf1 Bxf2+ 27. Qxf2
Qb3 28. Qe2 Nf6 29. Ng5 Nxe4 30. Nxe4 1-0

[Event "VI Obert Internacional Ciutat de Sabadel"]
[Site "Sabadell"]
[Date "2013.09.07"]
[Round "6"]
[White "Lorenzo De La Riva, Lazaro"]
[Black "Munoz Pantoja, Miguel"]
[Result "1/2-1/2"]
[WhiteElo "2427"]
[BlackElo "2457"]
[PlyCount "112"]
[EventDate "2013.09.02"]
[EventRounds "9"]
[EventCountry "ESP"]

1. d4 Nf6 2. c4 c5 3. d5 g6 4. Nc3 d6 5. e4 Bg7 6. Bd3 e6 7. h3 O-O 8. Nf3 exd5
9. exd5 Nbd7 10. O-O Ne8 11. Be3 b6 12. Qd2 Ne5 13. Nxe5 dxe5 14. f4 Nd6 15.
fxe5 Bxe5 16. Bg5 f6 17. Bf4 Bd4+ 18. Kh1 Ba6 19. b3 f5 20. Rae1 Nf7 21. Ne2
Bg7 22. Ng1 Bc8 23. Nf3 Bd7 24. Ng5 Nxg5 25. Bxg5 Bf6 26. Bf4 g5 27. Be5 Bxe5
28. Rxe5 Qf6 29. Qe2 Rae8 30. Rfxf5 Rxe5 31. Rxe5 g4 32. hxg4 Qh4+ 33. Kg1 Bxg4
34. Qe3 h6 35. Re8 Qf6 36. Rxf8+ Kxf8 37. Qg3 Qd4+ 38. Qf2+ Qxf2+ 39. Kxf2 Ke7
40. Kg3 Bd1 41. Kf4 Kf6 42. Bf5 a5 43. Bd7 Bc2 44. d6 Bb1 45. a3 Bc2 46. Ba4
Bd3 47. d7 Ke7 48. Ke5 Bf1 49. Bc6 a4 50. Bxa4 Bxg2 51. b4 cxb4 52. axb4 Bh3
53. d8=Q+ Kxd8 54. Kd6 Bf1 55. c5 bxc5 56. bxc5 Bg2 1/2-1/2

[Event "VI Obert Internacional Ciutat de Sabadel"]
[Site "Sabadell"]
[Date "2013.09.07"]
[Round "6"]
[White "Valdes Romero, Leonardo"]
[Black "Gonzalez Perez, Arian"]
[Result "1/2-1/2"]
[WhiteElo "2427"]
[BlackElo "2466"]
[PlyCount "84"]
[EventDate "2013.09.02"]
[EventRounds "9"]
[EventCountry "ESP"]

1. Nf3 c5 2. g3 Nc6 3. Bg2 g6 4. O-O Bg7 5. d3 d6 6. e4 e5 7. c3 Nge7 8. a3 O-O
9. b4 h6 10. Nbd2 Be6 11. Rb1 b6 12. Re1 Qd7 13. b5 Na5 14. d4 Rac8 15. d5 Bh3
16. c4 Bxg2 17. Kxg2 f5 18. Qe2 f4 19. h3 g5 20. Nh2 Qe8 21. Ndf3 Nb7 22. a4
Ra8 23. Bd2 a5 24. gxf4 gxf4 25. Kh1 Kh7 26. Rg1 Rg8 27. Rg4 Qf7 28. Rbg1 Raf8
29. Ne1 Bf6 30. Qd3 Rxg4 31. Rxg4 Ng6 32. Qe2 Qd7 33. Nef3 Nd8 34. Qf1 Nf7 35.
Rg1 Rg8 36. Qg2 h5 37. Qf1 Bd8 38. Qg2 Bf6 39. Qf1 Rg7 40. Be1 Bd8 41. Bd2 Bf6
42. Be1 Bd8 1/2-1/2

[Event "VI Obert Internacional Ciutat de Sabadel"]
[Site "Sabadell"]
[Date "2013.09.07"]
[Round "6"]
[White "Rojas Keim, Luis"]
[Black "Kjartansson, Gudmundur"]
[Result "0-1"]
[WhiteElo "2408"]
[BlackElo "2434"]
[PlyCount "110"]
[EventDate "2013.09.02"]
[EventRounds "9"]
[EventCountry "ESP"]

1. d4 d6 2. e4 Nf6 3. Nc3 g6 4. Be3 c6 5. Qd2 b5 6. f3 Nbd7 7. a4 b4 8. Nce2 a5
9. g4 Nb6 10. Ng3 h5 11. g5 Nfd7 12. h4 Qc7 13. f4 d5 14. Nf3 Bg7 15. e5 e6 16.
Qf2 Bf8 17. Nd2 c5 18. Bb5 c4 19. b3 Ba6 20. Bxa6 Rxa6 21. Qe2 Ra8 22. bxc4
dxc4 23. Nge4 Be7 24. O-O Qc6 25. Qg2 Rc8 26. Nf6+ Bxf6 27. gxf6 Nd5 28. Rfe1
Nc3 29. Nf3 Nb6 30. f5 gxf5 31. Qg7 Qxf3 32. Qxh8+ Kd7 33. Qg7 Kc6 34. Qxf7
Qg4+ 35. Kf1 f4 36. Qg7 Qxg7 37. fxg7 fxe3 38. Rxe3 Rg8 39. Rg3 Nbxa4 40. Kg2
b3 41. cxb3 cxb3 42. Ra3 b2 43. Rgxc3+ Nxc3 44. Rxc3+ Kd5 45. Rb3 Rxg7+ 46. Kf3
Kxd4 47. Rxb2 Rf7+ 48. Kg3 Rf5 49. Rb6 Rxe5 50. Ra6 Ke4 51. Ra7 Rb5 52. Ra6 e5
53. Rh6 a4 54. Rxh5 a3 55. Rh8 Ra5 0-1

[Event "VI Obert Internacional Ciutat de Sabadel"]
[Site "Sabadell"]
[Date "2013.09.07"]
[Round "6"]
[White "Moreno Ruiz, Javier"]
[Black "Saez Coma, Alejandro"]
[Result "1-0"]
[WhiteElo "2469"]
[BlackElo "2017"]
[PlyCount "61"]
[EventDate "2013.09.02"]
[EventRounds "9"]
[EventCountry "ESP"]

1. c4 Nf6 2. g3 e5 3. Bg2 Nc6 4. Nc3 Bb4 5. Nd5 O-O 6. a3 Bc5 7. b4 Bd4 8. Rb1
Nxd5 9. cxd5 Ne7 10. Nf3 d6 11. Nxd4 exd4 12. Bb2 Nf5 13. e4 dxe3 14. dxe3 Ne7
15. O-O Ng6 16. Rc1 Bd7 17. Qd4 f6 18. f4 a5 19. Rf2 axb4 20. Qxb4 b6 21. Qc3
Ra7 22. e4 Re8 23. h3 Qe7 24. g4 Rc8 25. Qg3 c5 26. dxc6 Rxc6 27. Rd1 Rcc7 28.
h4 Ba4 29. Rd4 Rc2 30. Rxa4 Rxf2 31. Kxf2 1-0

[Event "VI Obert Internacional Ciutat de Sabadel"]
[Site "Sabadell"]
[Date "2013.09.07"]
[Round "6"]
[White "Gascon, Jose Rafael"]
[Black "Gomez Jurado, Luis Alberto"]
[Result "0-1"]
[WhiteElo "2268"]
[BlackElo "2316"]
[PlyCount "72"]
[EventDate "2013.09.02"]
[EventRounds "9"]
[EventCountry "ESP"]

1. e4 c6 2. d4 d5 3. exd5 cxd5 4. c4 Nf6 5. Nc3 Nc6 6. Bg5 dxc4 7. d5 Ne5 8.
Qd4 h6 9. Bf4 Ng6 10. Bg3 e6 11. d6 Ne7 12. Bxc4 Nf5 13. Bb5+ Bd7 14. Qb4 a6
15. Be2 Bc6 16. O-O-O Nxg3 17. hxg3 Nd5 18. Nxd5 Bxd5 19. Bf3 Bxd6 20. Qa4+ b5
21. Qd4 Rc8+ 22. Kb1 Qc7 23. Qd3 O-O 24. Bxd5 exd5 25. Nf3 Be7 26. Nd4 Bf6 27.
Nf5 Qe5 28. Rd2 Rfe8 29. f4 Qe6 30. g4 Rc4 31. g3 Re4 32. a3 Re2 33. Ka2 d4+
34. Kb1 Rxd2 35. Qxd2 Qe4+ 36. Ka2 Qxh1 0-1

[Event "VI Obert Internacional Ciutat de Sabadel"]
[Site "Sabadell"]
[Date "2013.09.07"]
[Round "6"]
[White "Ortin Caballe, Juan Jose"]
[Black "Aryan, Chopra"]
[Result "1-0"]
[WhiteElo "1955"]
[BlackElo "2189"]
[PlyCount "49"]
[EventDate "2013.09.02"]
[EventRounds "9"]
[EventCountry "ESP"]

1. e4 c5 2. Nf3 d6 3. d4 cxd4 4. Nxd4 Nf6 5. Nc3 a6 6. h3 e6 7. g4 b5 8. Bg2
Bb7 9. O-O b4 10. Nd5 exd5 11. exd5 Be7 12. Nf5 O-O 13. Re1 Re8 14. g5 Nfd7 15.
Bf4 Ne5 16. Bxe5 dxe5 17. d6 Bxd6 18. Bxb7 Qxg5+ 19. Qg4 Qxg4+ 20. hxg4 Ra7 21.
Nxd6 Re6 22. Rad1 h6 23. Bc8 Ree7 24. Bf5 Rac7 25. Nb5 1-0

[Event "VI Obert Internacional Ciutat de Sabadel"]
[Site "Sabadell"]
[Date "2013.09.07"]
[Round "6"]
[White "Espinoza Palomino, Willyam"]
[Black "Vidarte Morales, Arturo"]
[Result "1/2-1/2"]
[WhiteElo "2355"]
[BlackElo "2337"]
[PlyCount "31"]
[EventDate "2013.09.02"]
[EventRounds "9"]
[EventCountry "ESP"]

1. Nf3 Nf6 2. g3 g6 3. b3 Bg7 4. Bb2 d5 5. Bg2 O-O 6. c4 c5 7. cxd5 Qxd5 8. O-O
Qh5 9. d3 Nc6 10. Nbd2 Bh3 11. Rc1 b6 12. Rc4 Bxg2 13. Kxg2 Qd5 14. Qa1 Rfe8
15. Ne4 Nh5 16. Bxg7 1/2-1/2

[Event "VI Obert Internacional Ciutat de Sabadel"]
[Site "Sabadell"]
[Date "2013.09.07"]
[Round "6"]
[White "Jerez Perez, Alfonso"]
[Black "Nadal Fajardo, Ricard"]
[Result "1/2-1/2"]
[WhiteElo "2376"]
[BlackElo "1962"]
[PlyCount "60"]
[EventDate "2013.09.02"]
[EventRounds "9"]
[EventCountry "ESP"]

1. e4 c6 2. d4 d5 3. exd5 cxd5 4. c4 e6 5. Nc3 Nf6 6. Nf3 Be7 7. cxd5 exd5 8.
Ne5 O-O 9. Bd3 Nc6 10. Nxc6 bxc6 11. O-O Bg4 12. Qc2 Bh5 13. Bf4 Bd6 14. Be5
Bg6 15. Rfe1 Re8 16. Re2 Bxe5 17. dxe5 Bxd3 18. Qxd3 Ng4 19. Rae1 Qc7 20. Qf5
Nh6 21. Qg5 Re6 22. Na4 Qa5 23. b3 f6 24. Qc1 Rae8 25. f4 fxe5 26. Rxe5 Rxe5
27. Rxe5 Rxe5 28. fxe5 d4 29. Nc5 Qc3 30. Qxc3 dxc3 1/2-1/2

[Event "VI Obert Internacional Ciutat de Sabadel"]
[Site "Sabadell"]
[Date "2013.09.07"]
[Round "6"]
[White "Diaz Velandia, Jose Manuel"]
[Black "Pozanco Romasanta, Marc"]
[Result "1-0"]
[WhiteElo "2317"]
[BlackElo "2067"]
[PlyCount "61"]
[EventDate "2013.09.02"]
[EventRounds "9"]
[EventCountry "ESP"]

1. d4 Nf6 2. Nf3 e6 3. Bf4 b6 4. e3 Bb7 5. Bd3 d5 6. O-O Bd6 7. Bg3 O-O 8. Nbd2
Nbd7 9. Ne5 Ne4 10. Nxe4 dxe4 11. Bb5 Nxe5 12. dxe5 Be7 13. Qe2 a6 14. Rfd1 Qb8
15. Bc4 b5 16. Bb3 c5 17. c4 Bc6 18. Qg4 b4 19. Bc2 Qb7 20. Bh4 Bxh4 21. Qxh4
g6 22. Rd6 Rac8 23. Qf6 h6 24. Rad1 Kh7 25. h4 a5 26. h5 Rg8 27. Bxe4 Rg7 28.
hxg6+ fxg6 29. Bxc6 Rxc6 30. Qxe6 Rxd6 31. exd6 1-0